[Event "Misiones op"]
[Site "Misiones"]
[Date "2022.07.10"]
[Round "6"]
[White "Barrera Caicedo, Hubert Steven"]
[Black "Cantero, Carlos Ramon"]
[Result "1/2-1/2"]
[WhiteElo "1843"]
[BlackElo "1918"]
[PlyCount "113"]
[EventDate "2022.07.09"]
[EventType "swiss"]
[EventRounds "6"]
[EventCountry "ARG"]
[SourceTitle "CBM 209 Extra"]
[Source "ChessBase"]
[SourceDate "2022.09.30"]
[SourceVersion "1"]
[SourceVersionDate "2022.09.30"]
[SourceQuality "1"]

1. e4 c5 2. Nf3 d6 3. d4 cxd4 4. Nxd4 Nf6 5. Nc3 a6 6. Bg5 e6 7. Bc4 Qc7 8. Bb3 Nbd7 9. 0-0 Nc5 10. Re1 Be7 11. Qd2 0-0 12. Rad1 Rd8 13. f3 b5 14. Be3 Bb7 15. Qf2 Rac8 16. Re2 Nfd7 17. Red2 Ne5 18. Kh1 Rd7 19. Nde2 Nxb3 20. cxb3 Qb8 21. Nf4 Rdc7 22. Nd3 Nxd3 23. Rxd3 Bc6 24. Bf4 b4 25. Ne2 e5 26. Be3 Bb5 27. R3d2 Rc6 28. Ng3 g6 29. f4 Rc1 30. Qe1 Rxd1 31. Qxd1 Qc7 32. Kg1 Qc1 33. fxe5 Qxd1+ 34. Rxd1 dxe5 35. Rc1 Rxc1+ 36. Bxc1 Bc5+ 37. Kh1 f6 38. h3 Bd3 39. Kh2 Kf7 40. a3 a5 41. axb4 axb4 42. Bd2 Ke6 43. h4 h5 44. Be1 Kd7 45. Nh1 Kc6 46. Nf2 Bxf2 47. Bxf2 Bxe4 48. Kg3 Bd5 49. Be1 Kb5 50. Bd2 Bxb3 51. Bh6 f5 52. Bg7 f4+ 53. Kf2 e4 54. Bh6 e3+ 55. Ke1 Bd5 56. Bxf4 Bxg2 57. Ke2 1/2-1/2

[Event "ARG-ch sf Jaque CC U2300"]
[Site "Corrientes"]
[Date "2019.04.27"]
[Round "2.1"]
[White "Cantero, Carlos Ramon"]
[Black "Perez, Daniel Guillermo"]
[Result "0-1"]
[WhiteElo "1956"]
[BlackElo "2150"]
[PlyCount "118"]
[EventDate "2019.04.27"]
[EventType "swiss"]
[EventRounds "6"]
[EventCountry "ARG"]
[SourceTitle "EXT 2024"]
[Source "ChessBase"]
[SourceDate "2023.10.10"]
[SourceVersion "1"]
[SourceVersionDate "2023.10.10"]
[SourceQuality "1"]

1. Nf3 d5 2. d4 c5 3. e3 Nc6 4. c3 cxd4 5. exd4 Nf6 6. Bd3 Bg4 7. Bf4 Qb6 8. b3 e6 9. 0-0 Be7 10. Nbd2 Ba3 11. Rb1 a5 12. Qc2 Rc8 13. Qd1 0-0 14. h3 Bh5 15. Re1 Na7 16. g4 Bg6 17. Bxg6 hxg6 18. c4 Nc6 19. Be3 Qa6 20. Qe2 Nb4 21. Rbd1 Nc2 22. Rf1 Bd6 23. Bg5 Nd7 24. Qd3 Na3 25. Ne5 Nb8 26. cxd5 Qxd3 27. Nxd3 exd5 28. Rc1 Nb5 29. Nf3 Nc6 30. Be3 Ba3 31. Rce1 Nb4 32. Nxb4 Bxb4 33. Rc1 Ba3 34. Rxc8 Rxc8 35. Bd2 Bb4 36. Bxb4 axb4 37. Re1 Kf8 38. Ne5 Nxd4 39. Kg2 Nc6 40. Nd7+ Kg8 41. Nb6 Rd8 42. Rd1 d4 43. f4 Re8 44. Rd2 Re4 45. Nd5 f6 46. Kf3 Re1 47. Re2 Rh1 48. Kg2 Ra1 49. Kf3 Kf7 50. Rc2 Ke6 51. Nb6 Rh1 52. Re2+ Kd6 53. Kg2 Rc1 54. Rd2 Kc5 55. Nd7+ Kd5 56. Kf2 Rc3 57. Nb6+ Ke4 58. Nc4 Rxh3 59. Nd6+ Kxf4 0-1

[Event "Posadas Misiones op"]
[Site "Posadas"]
[Date "2018.08.20"]
[Round "5.2"]
[White "Dos Santos, Leo Jose"]
[Black "Cantero, Carlos Ramon"]
[Result "1/2-1/2"]
[WhiteElo "1799"]
[BlackElo "1944"]
[PlyCount "71"]
[EventDate "2018.08.18"]
[EventType "swiss"]
[EventRounds "6"]
[EventCountry "ARG"]
[SourceTitle "EXT 2024"]
[Source "ChessBase"]
[SourceDate "2023.10.10"]
[SourceVersion "1"]
[SourceVersionDate "2023.10.10"]
[SourceQuality "1"]

1. e4 d6 2. d4 Nf6 3. Nc3 g6 4. f3 c6 5. Be3 b5 6. h4 h5 7. Nh3 Qc7 8. Qd2 a5 9. d5 b4 10. Na4 Nbd7 11. Be2 cxd5 12. exd5 Bb7 13. Nf4 Rc8 14. 0-0-0 Bg7 15. Kb1 Kf8 16. g4 hxg4 17. fxg4 Ne4 18. Qd3 Ng3 19. Nxg6+ fxg6 20. Rhf1+ Kg8 21. Qxg6 Qxc2+ 22. Qxc2 Rxc2 23. Kxc2 Nxe2 24. Rfe1 Ba6 25. Rd2 Rxh4 26. Rdxe2 Bxe2 27. Rxe2 Rxg4 28. Bb6 Nxb6 29. Nxb6 Kf7 30. b3 Rd4 31. Rd2 Rf4 32. Re2 Rf5 33. Kd3 Rf4 34. Re4 Rf2 35. Re2 Rf4 36. Re4 1/2-1/2

[Event "Posadas Misiones op"]
[Site "Posadas"]
[Date "2018.08.18"]
[Round "2"]
[White "Mareco, Facundo"]
[Black "Cantero, Carlos Ramon"]
[Result "0-1"]
[WhiteElo "1713"]
[BlackElo "1944"]
[PlyCount "78"]
[EventDate "2018.08.18"]
[EventType "swiss"]
[EventRounds "6"]
[EventCountry "ARG"]
[SourceTitle "EXT 2024"]
[Source "ChessBase"]
[SourceDate "2023.10.10"]
[SourceVersion "1"]
[SourceVersionDate "2023.10.10"]
[SourceQuality "1"]

1. e4 c5 2. Nf3 e6 3. d4 cxd4 4. Nxd4 Nf6 5. Nc3 Bb4 6. Qf3 Qc7 7. Bd2 a6 8. 0-0-0 Nc6 9. Nxc6 Qxc6 10. Bd3 b5 11. Qg3 0-0 12. e5 Bxc3 13. bxc3 Ne8 14. Rhe1 f5 15. Kb2 Bb7 16. f3 a5 17. Qh4 g6 18. g4 Ng7 19. Bh6 Rac8 20. Bd2 Qc5 21. gxf5 Nxf5 22. Bxf5 Rxf5 23. Qd4 Bxf3 24. Rc1 Bd5 25. Qxc5 Rxc5 26. Be3 Rc4 27. Bb6 b4 28. Bxa5 bxc3+ 29. Bxc3 Rf3 30. Bd2 Ra4 31. Re3 Rxa2+ 32. Kc3 Ra3+ 33. Kd4 Rf4+ 34. Kc5 Rc4+ 35. Kd6 Ra6+ 36. Ke7 Rf4 37. Rc3 Rf7+ 38. Kd8 d6 39. Rc8 Raa7 0-1

[Event "Florianopolis op 3rd"]
[Site "Florianopolis"]
[Date "2017.01.26"]
[Round "10"]
[White "Cantero, Carlos Ramon"]
[Black "Takano, Nicholas Ryo"]
[Result "1-0"]
[WhiteElo "1931"]
[BlackElo "1693"]
[PlyCount "129"]
[EventDate "2017.01.20"]
[EventType "swiss"]
[EventRounds "10"]
[EventCountry "BRA"]
[SourceTitle "CBM 176 Extra"]
[Source "ChessBase"]
[SourceDate "2017.03.02"]
[SourceVersion "1"]
[SourceVersionDate "2017.03.02"]
[SourceQuality "1"]

1. d4 Nf6 2. Bg5 g6 3. Bxf6 exf6 4. g3 Bg7 5. Bg2 d6 6. e3 f5 7. Ne2 0-0 8. 0-0 Nd7 9. Nd2 Nf6 10. c4 c6 11. Nf4 Re8 12. Qc2 Qe7 13. Rfe1 Bd7 14. Rac1 Rac8 15. b4 Ne4 16. f3 Nxd2 17. Qxd2 Qg5 18. Kf2 h5 19. h4 Qf6 20. Nd3 Re7 21. f4 Re4 22. Bxe4 fxe4 23. Nb2 Bg4 24. Nd1 Qf5 25. Kg1 Bf3 26. Nf2 f6 27. d5 c5 28. bxc5 Rxc5 29. Kh2 g5 30. Qb4 b6 31. Qa4 Ra5 32. Qe8+ Kh7 33. a4 g4 34. Rb1 Rc5 35. Rb4 Rc7 36. Qd8 Qd7 37. Qxd7 Rxd7 38. a5 bxa5 39. Ra4 f5 40. Rc1 Rb7 41. Rxa5 Kg6 42. Rb5 Rc7 43. Rc2 Kf7 44. c5 dxc5 45. Rbxc5 Rd7 46. Rc7 Ke8 47. d6 Bf8 48. Rc8+ Rd8 49. Rxd8+ Kxd8 50. Rc5 Bxd6 51. Rxf5 Bb4 52. Nd1 Bxd1 53. Rd5+ Ke7 54. Rxd1 Kf6 55. Rd4 a5 56. Rxe4 Bc3 57. Rc4 Bb4 58. Kg2 Ke6 59. e4 Kd6 60. Kf2 Ke6 61. Ke2 Kd6 62. Kd1 Ke6 63. Rxb4 axb4 64. Kc2 Kf6 65. Kb3 1-0

[Event "Florianopolis op 3rd"]
[Site "Florianopolis"]
[Date "2017.01.25"]
[Round "8"]
[White "Cantero, Carlos Ramon"]
[Black "Da Silva Junior, Marco Aurelio"]
[Result "1-0"]
[WhiteElo "1931"]
[BlackElo "1711"]
[PlyCount "39"]
[EventDate "2017.01.20"]
[EventType "swiss"]
[EventRounds "10"]
[EventCountry "BRA"]
[SourceTitle "CBM 176 Extra"]
[Source "ChessBase"]
[SourceDate "2017.03.02"]
[SourceVersion "1"]
[SourceVersionDate "2017.03.02"]
[SourceQuality "1"]

1. d4 d5 2. c4 e6 3. Nf3 Nf6 4. Bg5 Nbd7 5. Nc3 c6 6. e3 Bb4 7. Rc1 Qa5 8. Qb3 Ne4 9. Bf4 c5 10. a3 Bxc3+ 11. bxc3 dxc4 12. Bxc4 Ndf6 13. 0-0 cxd4 14. cxd4 g5 15. Nxg5 Nd2 16. Qb5+ Qxb5 17. Bxb5+ Bd7 18. Bxd7+ Nxd7 19. Rfd1 Nb3 20. Rc7 1-0

[Event "Florianopolis op 3rd"]
[Site "Florianopolis"]
[Date "2017.01.21"]
[Round "3"]
[White "Mandetta, Joao Danilo"]
[Black "Cantero, Carlos Ramon"]
[Result "1-0"]
[WhiteElo "2337"]
[BlackElo "1931"]
[PlyCount "53"]
[EventDate "2017.01.20"]
[EventType "swiss"]
[EventRounds "10"]
[EventCountry "BRA"]
[SourceTitle "CBM 176 Extra"]
[Source "ChessBase"]
[SourceDate "2017.03.02"]
[SourceVersion "1"]
[SourceVersionDate "2017.03.02"]
[SourceQuality "1"]

1. Nf3 Nf6 2. c4 c6 3. g3 d5 4. Qc2 Bg4 5. Bg2 Nbd7 6. d4 e6 7. 0-0 Ne4 8. Nc3 f5 9. Nd2 Be7 10. f3 Nxc3 11. bxc3 Bh5 12. e4 Bg6 13. Qb3 Qb6 14. Ba3 Rf8 15. Qa4 fxe4 16. Bxe7 Kxe7 17. Qa3+ Kf7 18. fxe4+ Kg8 19. exd5 cxd5 20. cxd5 e5 21. Nc4 Qc7 22. Qb3 exd4 23. d6 Qc5 24. Ne5+ Kh8 25. Nxd7 Rxf1+ 26. Rxf1 Qxd6 27. Qxb7 1-0

[Event "Ciudad del Este qual 5th"]
[Site "Ciudad del Este"]
[Date "2016.08.14"]
[Round "5.3"]
[White "Riveros, Daniel"]
[Black "Cantero, Carlos Ramon"]
[Result "0-1"]
[WhiteElo "1574"]
[BlackElo "1905"]
[PlyCount "78"]
[EventDate "2016.08.12"]
[EventType "swiss"]
[EventRounds "7"]
[EventCountry "PAR"]
[SourceTitle "EXT 2023"]
[Source "ChessBase"]
[SourceDate "2022.10.05"]
[SourceVersion "1"]
[SourceVersionDate "2022.10.05"]
[SourceQuality "1"]

1. c4 Nf6 2. Nf3 c6 3. Nc3 d5 4. e3 e6 5. d4 Nbd7 6. cxd5 exd5 7. Bd3 Bb4 8. a3 Bd6 9. Qc2 0-0 10. Ne2 Re8 11. 0-0 Ne4 12. Ng3 Ndf6 13. b4 Bd7 14. Bb2 Qe7 15. Ne5 Rad8 16. Nxe4 dxe4 17. Bxe4 Nxe4 18. Nxd7 Rxd7 19. f3 Qh4 20. f4 Bc7 21. Rf3 Rd5 22. Raf1 f5 23. Bc3 Re6 24. Be1 Qe7 25. Rh3 Rg6 26. Bh4 Qd7 27. Be1 a5 28. Qb3 Qf7 29. a4 axb4 30. Bxb4 Ba5 31. Bxa5 Rxa5 32. Qxf7+ Kxf7 33. Rxh7 Rxa4 34. Rb1 b5 35. Rh8 Ra2 36. g3 Rh6 37. Rxh6 gxh6 38. d5 Nc3 39. Rc1 Ne2+ 0-1

[Event "Asuncion Semana Santa op"]
[Site "Asuncion"]
[Date "2016.03.26"]
[Round "5"]
[White "Cantero, Carlos Ramon"]
[Black "Franco Pinanez, Miguel Augusto"]
[Result "1/2-1/2"]
[WhiteElo "1879"]
[BlackElo "1787"]
[PlyCount "42"]
[EventDate "2016.03.24"]
[EventType "swiss"]
[EventRounds "7"]
[EventCountry "PAR"]
[SourceTitle "EXT 2017"]
[Source "ChessBase"]
[SourceDate "2016.10.25"]
[SourceVersion "1"]
[SourceVersionDate "2016.10.25"]
[SourceQuality "1"]

1. d4 Nf6 2. Bg5 e6 3. e4 h6 4. Bxf6 Qxf6 5. Nf3 g5 6. Nbd2 Bg7 7. Bd3 d6 8. h3 0-0 9. e5 Qe7 10. Qe2 c5 11. Qe4 Rd8 12. c3 cxd4 13. cxd4 dxe5 14. dxe5 Nc6 15. Bb5 Qc5 16. Bxc6 Qxc6 17. 0-0 Qxe4 18. Nxe4 Bd7 19. Nf6+ Kf8 20. Rfd1 Bc6 21. Nd4 Bd5 1/2-1/2

[Event "Asuncion Semana Santa op"]
[Site "Asuncion"]
[Date "2016.03.25"]
[Round "4"]
[White "Almiron, Antonio"]
[Black "Cantero, Carlos Ramon"]
[Result "1-0"]
[WhiteElo "2292"]
[BlackElo "1879"]
[PlyCount "101"]
[EventDate "2016.03.24"]
[EventType "swiss"]
[EventRounds "7"]
[EventCountry "PAR"]
[SourceTitle "EXT 2017"]
[Source "ChessBase"]
[SourceDate "2016.10.25"]
[SourceVersion "1"]
[SourceVersionDate "2016.10.25"]
[SourceQuality "1"]

1. d4 d5 2. c4 c6 3. Nc3 Nf6 4. Nf3 dxc4 5. a4 Bf5 6. Ne5 e6 7. f3 Bb4 8. Nxc4 0-0 9. Kf2 Qc7 10. e4 Bg6 11. Be3 Nbd7 12. Be2 Rfd8 13. Qb3 Be7 14. g3 Ne8 15. Bf4 Qc8 16. h4 f6 17. Rad1 Bf7 18. Qc2 Nf8 19. Kg2 h5 20. Rd2 Ng6 21. Be3 Nd6 22. Nxd6 Bxd6 23. f4 Ne7 24. Qd1 g6 25. e5 Nf5 26. Bf2 Be7 27. Ne4 fxe5 28. dxe5 Qc7 29. Qc2 Rxd2 30. Nxd2 Rd8 31. Nf3 c5 32. Rd1 Rxd1 33. Qxd1 Be8 34. Bc4 Kf7 35. Qb3 Bd7 36. Kh2 a6 37. a5 Nh6 38. Kg2 Nf5 39. Kg1 Ng7 40. Qb6 Qxb6 41. axb6 Bc6 42. Nd2 Ke8 43. Nb3 Kd7 44. Bxc5 Bd8 45. Nd4 Bd5 46. Bxd5 exd5 47. Kf2 Ne6 48. Nxe6 Kxe6 49. Ke3 Kf5 50. Kd4 Kg4 51. e6 1-0

[Event "Asuncion Clasificatorio op 4th"]
[Site "Asuncion"]
[Date "2015.08.16"]
[Round "6.6"]
[White "Cantero, Carlos Ramon"]
[Black "Aguero Centurion, Abel Alejandro"]
[Result "1-0"]
[WhiteElo "1891"]
[BlackElo "1813"]
[PlyCount "29"]
[EventDate "2015.08.14"]
[EventType "swiss"]
[EventRounds "7"]
[EventCountry "PAR"]
[SourceTitle "EXT 2023"]
[Source "ChessBase"]
[SourceDate "2022.10.05"]
[SourceVersion "1"]
[SourceVersionDate "2022.10.05"]
[SourceQuality "1"]

1. d4 Nf6 2. Bg5 Ne4 3. Bf4 d5 4. Nf3 g6 5. e3 Bg7 6. Nbd2 Bf5 7. Bd3 0-0 8. Nh4 e5 9. Nxf5 exf4 10. Nxg7 fxe3 11. Nxe4 dxe4 12. Bxe4 c6 13. Nh5 Re8 14. Ng3 f5 15. Bf3 1-0